00343nam a2200133Ia 4500008004100000020001500041041001200056100002300068245006100091250000800152260002500160300000800185650001600193221030s9999 xx 000 0 und d a0070591180 aEnglish aD. Balasubramanian 0aComputer Installation & Servicingcby D. Balasubramanian a2nd bTMHaNew Delhic2012 a200 aBE Computer